II Corinthians. (Record no. 5777)

000 -LEADER
fixed length control field 00585nam a2200181 a 4500
001 - CONTROL NUMBER
control field :::00003519$&:&@@
003 - CONTROL NUMBER IDENTIFIER
control field OkBaRHE
005 - DATE AND TIME OF LATEST TRANSACTION
control field 20000607103306.0
008 - FIXED-LENGTH DATA ELEMENTS--GENERAL INFORMATION
fixed length control field s1981 j 000 0 eng u
040 ## - CATALOGING SOURCE
Transcribing agency
100 1# - MAIN ENTRY--PERSONAL NAME
Personal name McGee, J. Vernon (John Vernon), 1904-1988.
245 10 - TITLE STATEMENT
Title II Corinthians.
260 ## - PUBLICATION, DISTRIBUTION, ETC. (IMPRINT)
Place of publication, distribution, etc Pasadena, CA., :
Name of publisher, distributor, etc Thru the Bible Books
Date of publication, distribution, etc 1981
300 ## - PHYSICAL DESCRIPTION
Extent 144 p. ;
Dimensions 19 cm.
650 ## - SUBJECT ADDED ENTRY--TOPICAL TERM
Topical term or geographic name as entry element Bible New Testament 2 Corinthians
General subdivision Commentaries
942 ## - ADDED ENTRY ELEMENTS (KOHA)
Source of classification or shelving scheme
Koha item type Books
Copies
Full call number Source of classification or shelving scheme Koha item type Date last seen Price effective from Barcode Lost status Withdrawn status Shelving location Damaged status Date acquired Not for loan Permanent Location Copy number
BS 2675.4 .M337 Books2018-04-032010-04-143519  General Stacks 2010-04-14 RHEMA Bible Training College1